000 00797nam a2200229Ia 4500
001 536
003 GE_BSU
008 181216s||||||||xx |||||||||||||| ||und||
010 _a9994085247
040 _cGE_BSU
080 _a811.353.1(038)
245 _aძველი ქართული ენის შეერთებული ლექსიკონი.
245 _bშემდგ. გრიგოლ კოპლატაძე. 16800 სიტყვა. .
245 _cრედ.გვანცა კოპლატაძე.
260 _aთბილისი
260 _bსაქ. საპატრიაქოს გამ- ბა
260 _c2008
300 _a452 გვ.
541 _h20 ლ.
653 _aლექსიკონი
942 _cBK
999 _c34746
_d34746